Cool energy : Renewable solutions to environmaental problems
About renewable solutions to environmental problems
Salvato in:
| Autore principale: | |
|---|---|
| Natura: | Libro |
| Lingua: | Undetermined |
| Pubblicazione: |
London
The MIT Press
1992
|
| Soggetti: | |
| Tags: |
Aggiungi Tag
Nessun Tag, puoi essere il primo ad aggiungerne! !
|
| Thư viện lưu trữ: | Trung tâm Học liệu Trường Đại học Cần Thơ |
|---|
| LEADER | 00673nam a2200217Ia 4500 | ||
|---|---|---|---|
| 001 | CTU_219714 | ||
| 008 | 210402s9999 xx 000 0 und d | ||
| 082 | |a 333.79 | ||
| 082 | |b B877 | ||
| 100 | |a Brower, Michael | ||
| 245 | 0 | |a Cool energy : | |
| 245 | 0 | |b Renewable solutions to environmaental problems | |
| 245 | 0 | |c Michael Brower | |
| 260 | |a London | ||
| 260 | |b The MIT Press | ||
| 260 | |c 1992 | ||
| 520 | |a About renewable solutions to environmental problems | ||
| 650 | |a Renewable energy sources,Nguồn năng lượng tái tạo | ||
| 650 | |z United States,Hoa Kỳ | ||
| 904 | |i Nguyên | ||
| 980 | |a Trung tâm Học liệu Trường Đại học Cần Thơ | ||